000 01915nam a2200253Ia 4500
999 _c53139
_d53139
001 20178
003 GE_BSU
005 20250425113008.0
008 181216s2003||||ge |||||||||||||| ||geo||
040 _cGE_BSU
041 _ageo
080 _a51 წ-87
100 _aწულუკიძე, თამაზ
_95825
245 _aს.ა. რაჩინსკი ბოტანიკის პროფესორი და არითმეტიკის მასწავლებელი /
_cთამაზ წულუკიძე, ვლადიმერ ხალვაში.
264 _aბათუმი :
_bგამ-ბა აჭარა,
_c2003.
300 _a350 გვ. ;
_c20 სმ.
500 _aწიგნში განკუთვნილია 5-11 კლასების მოსწავლებიასთვის,სტუდენტებისათვის,მათემატიკის მასწავლებელთათვის და საერთოდ ყველასათვის,ვისაც მათემატიკა აინტერესებს
520 _aწიგნში განკუთვნილია 5-11 კლასების მოსწავლებიასთვის,სტუდენტებისათვის,მათემატიკის მასწავლებელთათვის და საერთოდ ყველასათვის,ვისაც მათემატიკა აინტერესებს.
541 _h10ლ.
653 _aმათემატიკა
653 _aს.ა. რაჩინსკი ბოტანიკის პეოფესორი და არითმეტიკის მასწავლებელი
700 _aხალვაში, ვლადიმერ
_95826
942 _cBK
_2udc